000
00314nam a2200121Ia 4500
008
220204s9999 xx 000 0 und d
082
_b
SAT
100
_a
Sathees Kumar, K G
245
0
_a
Rubber karshakarkkoru kaippusthakam (Malayalam).Ed.7
250
_a
7
260
_a
Kottayam
_b
Rubber Board
_c
2010
942
_c
BK
999
_c
44446
_d
44446